| 000 | 01235naa a22003137a 4500 | ||
|---|---|---|---|
| 001 | BR8105913 | ||
| 003 | BR-BrBNA | ||
| 005 | 20250716171945.0 | ||
| 007 | ta | ||
| 008 | 250630b bl.|||m| |||| 00| 0 por d | ||
| 040 |
_aBR-BrBNA _bpor _cBiblioteca Nacional de Agricultura |
||
| 041 | _a(Pt) | ||
| 072 |
_aH20 _b0170 _b4120 _b4110 _b4150 |
||
| 090 | _aH20 BR8105913 | ||
| 100 | 1 | _aMelo, G.S. de | |
| 245 | 1 | _aDoencas do sorgo [Sorghum bicolor (L.)Moench, Sorgo granifero, Colletotrichum graminicola, Gloeocercospora sorghi, Puccinia sorghi, Sclerospora sorghi, Pseudomonas andropogont, Xanthomonas holcicola, Pseudomonas syringae, Sugarcane mosaic] | |
| 500 | _aCurso de extensao sobre a cultura do sorgo - 1980 Recife, PE (Brasil): 1981. p. 75-79 [7 ref.] (BR8105913-AMS) | ||
| 773 | 0 |
_tCurso de extensao sobre a cultura do sorgo - 1980 _wH20 BR8105913 _gRecife, PE (Brasil), 1981. p. 75-79 |
|
| 650 | _aSORGO GRANIFERO | ||
| 650 | _aANTRACNOSE | ||
| 650 | _aBACTERIA | ||
| 650 | _aMANCHA ZONADA | ||
| 650 | _aMILDIO | ||
| 650 | _aCARVAO | ||
| 650 | _aMOSAICO | ||
| 490 |
_aDocumentos - Empresa Pernambucana de Pesquisa Agropecuaria (Brazil) _vno. 1 |
||
| 942 |
_cAMS _2AGRIS |
||
| 909 |
_a202506 _bLúcia _c55 _dLúcia Elande |
||
| 999 |
_c333832 _d333832 |
||